00786 a2200217 45000010006000000050017000060080041000230030015000640400040000790800038001192450055001570200018002122640055002303000019002855050089003040410008003931000022004017000024004237000027004478560094004743574920260407155637.0260407a1997 arg spa dAR-UNSa-BCEJYS aAR-UNSa-BCEJYSbspacAR-UNSa-BCEJYS a336.74xMoneda. Sistema monetario10aConvertibilidadpfundamentación y funcionamiento a987-96318-0-3 1aBuenos Aires :bCema Instituto Universitarioc1997 a230 p.c23 cm. a1. Hiperinflación - 2. Convertibilidad - 3. Política comercial - 4. Miscelánea aspa1 aÁvila, Jorge C.1 aAlmansi, Aquiles A.1 aRodríguez, Carlos A.41uhttps://biblioeco.unsa.edu.ar/pmb/images/libros/L85630.jpgyImagen de portadaqimage/jpeg